| 000 | 01311nam a2200337 a 4500 | ||
|---|---|---|---|
| 001 | ebr10503291 | ||
| 003 | CaPaEBR | ||
| 006 | m u | ||
| 007 | cr cn||||||||| | ||
| 008 | 111129s2011 enka sb 001 0 eng d | ||
| 020 | _z9780335237920 (hb) | ||
| 020 | _z0335237932 | ||
| 020 | _z9780335237937 | ||
| 020 | _z9780335240401 (e-book) | ||
| 040 |
_aCaPaEBR _cCaPaEBR |
||
| 035 | _a(OCoLC)759007036 | ||
| 050 | 1 | 4 |
_aHD30.4 _b.S26 2011eb |
| 100 | 1 | _aSandler, Catherine. | |
| 245 | 1 | 0 |
_aExecutive coaching _h[electronic resource] : _ba psychodynamic approach / _cCatherine Sandler. |
| 260 |
_aMaidenhead, England : _bOpen University Press, _c2011. |
||
| 300 |
_ax, 180 p. : _bill. |
||
| 490 | 1 | _aCoaching in practice series | |
| 504 | _aIncludes bibliographical references and index. | ||
| 533 |
_aElectronic reproduction. _bPalo Alto, Calif. : _cebrary, _d2013. _nAvailable via World Wide Web. _nAccess may be limited to ebrary affiliated libraries. |
||
| 650 | 0 | _aExecutive coaching. | |
| 650 | 0 |
_aExecutive coaching _xPsychological aspects. |
|
| 655 | 7 |
_aElectronic books. _2local |
|
| 710 | 2 | _aebrary, Inc. | |
| 830 | 0 | _aCoaching in practice series. | |
| 856 | 4 | 0 |
_uhttp://site.ebrary.com/lib/rucke/Doc?id=10503291 _zAn electronic book accessible through the World Wide Web; click to view |
| 999 |
_c114364 _d114364 |
||